Normal view MARC view
  • Sternberg, Robert J.

Entry Nombre Personal

Number of records used in: 12

001 - NUMERO DE CONTROL

  • campo de control: 30048

003 - IDENTIFICADOR DE NUMERO DE CONTROL

  • campo de control: DLC

005 - FECHA Y HORA DE LA ÜLTIMA TRANSACCIÓN

  • campo de control: 20220926111539.0

008 - DATOS DE LONGITUD FIJA

  • campo de control de longitud fija: 790913n| azannaabn |b aaa

010 ## - NÚMERO DE CONTROL DE LA BIBLIOTECA DEL CONGRESO

  • Número de control LC: n 79081284

035 ## - NUMERO DE CONTROL

  • Número de control: (OCoLC)oca00313827

040 ## - FUENTE DE CATALOGACIÓN

  • Agencia original de catalogación: DLC
  • Lenguaje de catalogación: spa
  • Description conventions: rda
  • Agencia de transcripción: DLC
  • Agencia que lo modifica: DLC
  • Agencia que lo modifica: OCoLC
  • Agencia que lo modifica: DLC
  • Agencia que lo modifica: IEN
  • Agencia que lo modifica: NIC
  • Agencia que lo modifica: ScU
  • Agencia que lo modifica: MX-MxUPN

046 ## - FECHAS CON CODIFICACIÓN ESPECIAL

  • Fecha de nacimiento: 1949-12-08
  • Fuente del formato de fecha: edtf

100 1# - ENCABEZAMIENTO - NOMBRE PERSONAL

  • Nombre personal: Sternberg, Robert J.

372 ## - CAMPO DE ACTIVIDAD

  • Field of activity: Psicología--Estudio y enseñanza
  • Field of activity: Aprendizaje, Psicología del
  • Field of activity: Educación superior
  • Fuente del término: lcsh

373 ## - GRUPO ASOCIADO

  • Associated group: Yale University
  • Associated group: Tufts University
  • Associated group: Oklahoma State University
  • Associated group: University of Wyoming
  • Associated group: Cornell University
  • Fuente del término: naf

374 ## - OCUPACIÓN

  • Occupation: Autor
  • Occupation: Profesor universitario
  • Occupation: Profesor de psicología
  • Occupation: Psicólogo
  • Occupation: Administrador escolar
  • Fuente del término: lcsh

375 ## - GÉNERO

  • Gender: masculino
  • Fuente del término: lcdgt

377 ## - LENGUA ASOCIADA

  • Language code: eng

378 ## - FORMA COMPLETA DE NOMBRE PERSONAL

  • Fuller form of personal name: Robert Jeffrey

400 1# - VEÁSE - NOMBRE DE PERSONA

  • Personal name: Sternberg, Robert J.
  • Fuller form of name: (Robert Jeffrey),
  • Dates associated with a name: 1949-

670 ## - FUENTE EN LA QUE SE LOCALIZARON DATOS

  • Cita de la fuente: His Barron's how to prepare for the Miller analogies test (MAT).

670 ## - FUENTE EN LA QUE SE LOCALIZARON DATOS

  • Cita de la fuente: Mechanisms of cognitive development, c1984:
  • Información localizada: CIP t.p. (Robert J. Sternberg) data sheet (b. 12/8/49)

670 ## - FUENTE EN LA QUE SE LOCALIZARON DATOS

  • Cita de la fuente: His Beyond IQ, 1984:
  • Información localizada: CIP t.p. (Robert J. Sternberg, Yale Univ.) data sheet (Sternberg, Robert J. (Jeffrey))

670 ## - FUENTE EN LA QUE SE LOCALIZARON DATOS

  • Cita de la fuente: Perspectives on thinking, learning, and cognitive styles, 2000:
  • Información localizada: CIP t.p. (Robert Sternberg)

670 ## - FUENTE EN LA QUE SE LOCALIZARON DATOS

  • Cita de la fuente: The Cambridge Handbook of Intelligence, 2011, ©2011:
  • Información localizada: ECIP t.p. (Robert J. Sternberg; Oklahoma State University) data view (b. Dec. 8, 1949)

670 ## - FUENTE EN LA QUE SE LOCALIZARON DATOS

  • Cita de la fuente: Information from 678 field, converted Aug. 16, 2014
  • Información localizada: (Dept. of Psychol., Stanford Univ.)

670 ## - FUENTE EN LA QUE SE LOCALIZARON DATOS

  • Cita de la fuente: What universities can be, 2016:
  • Información localizada: ECIP title page (Robert J. Sternberg) galleys, preface (over the course of 47 years in higher education, I have been a student at two universities, Yale and Stanford, and a university assistant professor, associate professor, full professor, endowed professor, dean, provost, and president. I have served at five institutions: Yale (30 years), Tufts (5 years), Oklahoma State (3 years), University of Wyoming (less than 1 year), and now Cornell University; I also have been President of the American Psychological Association and the Federation of Associations in Behavioral and Brain Sciences, as well as Treasurer of the Association of American Colleges and Universities)

902 ## - CATALOGADOR

  • Catalogador: NDAF/260922